00318nam a2200121Ia 4500008004000000020001800040082001500058100002300073245003500096260003500131300000800166650002200174210210b1991 xxu||||| |||| 00| 0 eng d a81 7188 085 1 a810.9 MUKC aMUKHERJEE (Tutun). aChicago critics:an evaluation. aN DbAcademic Foundationc1991 a136 aChicago critics